• 首页
  • 本馆介绍
  • 公告通知
  • 最新文献
  • 馆藏检索
  • 电子资源
  • 读者导购
  • 参考咨询
  • 我的图书馆
  • 登录
  • 详细信息显示
  • 放入我的书架
  • 预约/预借图书
  • 作者相关作品
  • 分类相关作品
  • 丛书相关作品
  • 出版社相关作品

书目信息

  • 表格格式
  • 工作单格式
  • 卡片格式
题名:
走出教育焦虑
    
 
作者: 徐加胜 著
分册:  
出版信息: 北京   中华书局  2020
页数: 178页
开本: 23cm
丛书名:
单 册:
中图分类: G40-03 , K203
科图分类:
主题词: 中华文化--zhong hua wen hua--应用--教育研究
电子资源:
ISBN: 978-7-101-14708-7
000 00915nam0 2200253 450
001 2131036634
005 20211029202829.0
010    @a978-7-101-14708-7@dCNY32.00
100    @a20201215d2020 em y0chiy0120 ea
101 0  @achi
102    @aCN@b110000
105    @ay z 000yy
106    @ar
200 1  @a走出教育焦虑@Azou chu jiao yu jiao lv@e从孔夫子到曾国藩的经典话语@f徐加胜著
210    @a北京@c中华书局@d2020
215    @a178页@d23cm
330    @a本书引用从远古《诗经》到孔夫子到历代先贤的经典话语,来解析现代教育之难题。作者用传统文化来分析当前教育领域的一些问题,力求分享解决问题的方法。
517 1  @a从孔夫子到曾国藩的经典话语@Acong kong fu zi dao zeng guo fan de jing dian hua yu
606 0  @a中华文化@Azhong hua wen hua@x应用@x教育研究
690    @aG40-03@v5
690    @aK203@v5
701  0 @a徐加胜@Axu jia sheng@4著
801  0 @aCN@b百万庄@c20211029
905    @b1312831-34@dG40-03@e1247@f4
    
    走出教育焦虑:从孔夫子到曾国藩的经典话语/徐加胜著.-北京:中华书局,2020
    178页;23cm
    
    
    ISBN 978-7-101-14708-7:CNY32.00
    本书引用从远古《诗经》到孔夫子到历代先贤的经典话语,来解析现代教育之难题。作者用传统文化来分析当前教育领域的一些问题,力求分享解决问题的方法。
●
相关链接 在E读中查询图书 在五车中查询图书 在当当中查询图书 在豆瓣中查询图书


正题名:走出教育焦虑     索取号:G40-03/1247         预约/预借

序号 登录号 条形码 馆藏地/架位号 状态 备注
1 1312831   213128319   第一样本阅览室/ [索取号:G40-03/1247] 在馆    
2 1312832   213128328   第四借阅区/ [索取号:G40-03/1247] 在馆    
3 1312833   213128337   第四借阅区/ [索取号:G40-03/1247] 在馆    
4 1312834   213128346   第四借阅区/ [索取号:G40-03/1247] 在馆    
唐山师范学院图书馆 欢迎您!
大连网信软件有限公司© 版权所有